Every Wrestler to Win Championships in WCW & ECW - Statistics

General Stats
  • This quiz has been taken 72 times
  • The average score is 11 of 22
Answer Stats
WCW ECW Wrestler % Correct
(x1) WCW Light Heavyweight Championship,(x1) WCW United States Championship, (x1) WCW World Tag Team Championship (x2) ECW World Heavyweight Championship,(x4) ECW World Tag Team Championship Raven
82%
(x1) WCW United States Championship,(x2) WCW World Cruiserweight Championship (x2) ECW World Television Championship Eddie Guerrero
80%
(x4) WCW World Cruiserweight Championship,(x1) WCW United States Championship, (x1) WCW World Tag Team Championship (x2) ECW World Television Championship,(x1) ECW World Tag Team Championship Dean Malenko
78%
(x1) WCW World Heavyweight Championship,(x3) WCW World Television Championship, (x2) WCW United States Championship, (x2) WCW World Tag Team Championship (x1) ECW World Tag Team Championship Chris Benoit
76%
(x1) WCW Hardcore Championship,(x1) WCW United States Championship, (x2) WCW World Tag Team Championship (x4) ECW World Heavyweight Championship(x2) ECW World Television Championship Shane Douglas
73%
(x2) WCW World Heavyweight Championship,(x1) WCW World Television Championship, (x5) WCW World Cruiserweight Championship (x1) ECW World Television Championship Chris Jericho
69%
(x1) WCW World Television Championship (x2) WCW World Tag Team Championship (x3) ECW World Tag Team Championship Perry Saturn
65%
(x1) WCW United States Championship,(x3) WCW Hardcore Championship (x2) ECW World Heavyweight Championship (x1) ECW World Television Championship Terry Funk
63%
(x3) WCW United States Championship,(x1) WCW World Cruiserweight Championship, (x1) WCW Hardcore Championship, (x1) ECW World Tag Team Championship Lance Storm
57%
(x1) WCW World Tag Team Championship (x4) ECW World Tag Team Championship Rocco Rock
55%
(x1) WCW World Tag Team Championship (x4) ECW World Tag Team Championship Johnny Grunge
51%
(x1) WCW World Cruiserweight Championship (x3) ECW World Tag Team Championship Chris Candido
41%
(x1) WCW World Tag Team Championship (x8) ECW World Tag Team Championship D-Von Dudley
39%
(x1) WCW World Tag Team Championship (x8) ECW World Tag Team Championship Buh Buh Ray Dudley
37%
(x1) WCW World Tag Team Championship (x2) ECW World Tag Team Championship Cactus Jack
37%
(X1) WCW United States Championship (x1) ECW World Heavyweight Championship (x2) ECW World Television Championship Rhino
35%
(x1) WCW Hardcore Championship,(x2) WCW World Tag Team Championship (x1) ECW World Heavyweight Championship (x1) ECW World Television Championship Bam Bam Bigelow
33%
(x1) WCW World Tag Team Championship (x4) ECW World Television Championship,(x1) ECW World Tag Team Championship Too Cold Scorpio
25%
(x1) WCW United States Championship (x1) ECW World Television Championship,(x1) ECW World Tag Team Championship Tajiri
24%
(x1) WCW World Tag Team Championship,(x1) WCW United States Tag Team Championship (x2) ECW World Tag Team Championship Kevin Sullivan
18%
(x1) WCW United States Tag Team Championship (x1) ECW World Tag Team Championship Tracy Smothers
8%
(x1) WCW United States Tag Team Championship (x1) ECW World Tag Team Championship Eddie Gilbert
6%
No matching quizzes found
Score Distribution
Percent of People with Each Score
Percentile by Number Answered
Your Score History
You have not taken this quiz